Conversation / (Record no. 9199)

MARC details
000 -LEADER
fixed length control field 01040cam a22003135a 4500
003 - CONTROL NUMBER IDENTIFIER
control field EG-ScBUE
005 - DATE AND TIME OF LATEST TRANSACTION
control field 20201125063754.0
007 - PHYSICAL DESCRIPTION FIXED FIELD--GENERAL INFORMATION
fixed length control field ta
008 - FIXED-LENGTH DATA ELEMENTS--GENERAL INFORMATION
fixed length control field 090708r20101987enka f b f000 0 eng d
020 ## - INTERNATIONAL STANDARD BOOK NUMBER
International Standard Book Number 9780194370967
040 ## - CATALOGING SOURCE
Original cataloging agency EG-ScBUE
Language of cataloging eng
Description conventions rda
Transcribing agency EG-ScBUE
Modifying agency EG-ScBUE
082 04 - DEWEY DECIMAL CLASSIFICATION NUMBER
Classification number 428.007
Item number NOL
Edition number 22
100 1# - MAIN ENTRY--PERSONAL NAME
Personal name Nolasco, Rob,
Relator term author.
9 (RLIN) 7777
245 10 - TITLE STATEMENT
Title Conversation /
Statement of responsibility, etc Rob Nolasco, Lois Arthur.
250 ## - EDITION STATEMENT
Edition statement Reprint edition.
264 #1 - PUBLICATION, DISTRIBUTION, ETC. (IMPRINT)
Place of publication, distribution, etc Oxford ;
-- New York :
Name of publisher, distributor, etc Oxford University Press,
Date of publication, distribution, etc 2010.
300 ## - PHYSICAL DESCRIPTION
Extent 150 pages :
Other physical details illustrations ;
Dimensions 25 cm.
336 ## - CONTENT TYPE
Source rdacontent
Content type term text
Content type code txt
337 ## - MEDIA TYPE
Source rdamedia
Media type term unmediated
Media type code n
338 ## - CARRIER TYPE
Source rdacarrier
Carrier type term volume
Carrier type code nc
490 0# - SERIES STATEMENT
Series statement Resource books for teachers
504 ## - BIBLIOGRAPHY, ETC. NOTE
Bibliography, etc Includes bibliographical references.
590 ## - LOCAL NOTE (RLIN)
Local note Eman kamel
650 #7 - SUBJECT ADDED ENTRY--TOPICAL TERM
Topical term or geographic name as entry element English language
General subdivision Spoken English
-- Study and teaching.
Source of heading or term BUEsh
9 (RLIN) 26146
653 ## - INDEX TERM--UNCONTROLLED
Resource For college Humanities: English
Arrived date list October2015
-- July2019
655 ## - INDEX TERM--GENRE/FORM
Form subdivision Reading book
9 (RLIN) 34232
700 1# - ADDED ENTRY--PERSONAL NAME
Personal name Arthur, Lois,
Relator term author.
9 (RLIN) 7780
942 ## - ADDED ENTRY ELEMENTS (KOHA)
Koha item type Book - Borrowing
Call number prefix 428.0071 NOL
Source of classification or shelving scheme Dewey Decimal Classification
Holdings
Withdrawn status Lost status Source of classification or shelving scheme Damaged status Not for loan Collection code Home library Current library Shelving location Date acquired Source of acquisition Total Checkouts Total Renewals Full call number Barcode Date last seen Date checked out Price effective from Koha item type Cost, normal purchase price Serial Enumeration / chronology Checked out
    Dewey Decimal Classification       Central Library Central Library Second Floor 06/09/2010   1 6 428.007 NOL 000010694 15/07/2025 20/12/2015 20/04/2008 Book - Borrowing      
    Dewey Decimal Classification     Baccah Central Library Central Library Second Floor 08/07/2009       428.007 NOL 000017382 15/07/2025   08/07/2009 NB - Book (Non borrowing) 105.00 8139  
    Dewey Decimal Classification     Baccah Central Library Central Library Second Floor 25/10/2015 Purchase 1   428.007 NOL 000031066 13/01/2016 13/01/2016 25/10/2015 Book - Borrowing     14/02/2016
    Dewey Decimal Classification     Baccah Central Library Central Library Second Floor 25/10/2015 Purchase 1 7 428.007 NOL 000031067 15/07/2025 09/03/2016 25/10/2015 Book - Borrowing      
    Dewey Decimal Classification     Baccah Central Library Central Library Second Floor 25/10/2015 Purchase 2   428.007 NOL 000031068 15/07/2025 26/04/2017   Book - Borrowing 180.00